00418cam a22001097a 4500008004000000082002500040100002500065245009700090260004900187300001100236440006100247180718b1996 xxu||||| |||| 00| 0 eng d aA81x54 91/25/PT12B/J aCensus of India 1991 aUttar Pradesh district census handbook, Jalaun: village and townwise primary census abstract aLucknowbDirector of Census Operationsc1996 a325+p. aCensus of India 1991. Series-25, Uttar Pradesh. Part 12B